[Event "Oruro op 4th"]
[Site "Oruro"]
[Date "2023.02.09"]
[Round "1"]
[White "Yanez Arcienega, Camilo"]
[Black "Marquez, Ricardo Matias"]
[Result "1-0"]
[WhiteElo "1915"]
[BlackElo "1206"]
[PlyCount "63"]
[EventDate "2023.02.09"]
[EventType "swiss"]
[EventRounds "7"]
[EventCountry "BOL"]
[SourceTitle "CBM 213 Extra"]
[Source "ChessBase"]
[SourceDate "2023.05.31"]
[SourceVersion "1"]
[SourceVersionDate "2023.05.31"]
[SourceQuality "1"]

1. Nf3 c5 2. d3 e6 3. Nbd2 Nf6 4. g3 g6 5. Bg2 Bg7 6. 0-0 0-0 7. e4 Nc6 8. Re1 e5 9. Nc4 d6 10. a4 a5 11. Bg5 Bg4 12. c3 h6 13. Be3 b6 14. h3 Be6 15. Nfd2 d5 16. exd5 Bxd5 17. f3 Nh5 18. Bf2 Be6 19. f4 Rc8 20. fxe5 Qxd3 21. Re3 Qd8 22. Qe2 Bxc4 23. Nxc4 Qc7 24. e6 fxe6 25. Rxe6 Nxg3 26. Qg4 Qf7 27. Bxg3 g5 28. Nd6 Qd7 29. Nxc8 h5 30. Bxc6 Qxc8 31. Qxg5 Qxe6 32. Bd5 1-0

[Event "Pan American-ch Hybrid U18 31st"]
[Site "Tornelo INT"]
[Date "2021.09.04"]
[Round "5"]
[White "Navarro Ariza, Justin Jeshua"]
[Black "Yanez Arcienega, Camilo"]
[Result "1-0"]
[WhiteElo "1865"]
[BlackElo "1788"]
[PlyCount "123"]
[EventDate "2021.09.04"]
[EventType "swiss"]
[EventRounds "9"]
[EventCountry "NET"]
[SourceTitle "EXT 2023"]
[Source "ChessBase"]
[SourceDate "2022.10.05"]
[SourceVersion "1"]
[SourceVersionDate "2022.10.05"]
[SourceQuality "1"]

1. e4 e6 2. d4 d5 3. Nc3 Bb4 4. e5 c5 5. a3 Bxc3+ 6. bxc3 Ne7 7. a4 Qa5 8. Bd2 c4 9. Qg4 Kf8 10. Nf3 h6 11. h4 b5 12. Be2 bxa4 13. 0-0 Bd7 14. Rfb1 Bc6 15. h5 Rg8 16. Nh4 Nd7 17. Qf3 Ke8 18. Bc1 Qd8 19. Ba3 Nc8 20. g3 Qc7 21. Qg4 Nf8 22. f4 Bd7 23. Qf3 Nh7 24. Rb4 a5 25. Rxc4 Bc6 26. Rc5 Na7 27. Qf1 Rb8 28. c4 Qb6 29. Qe1 dxc4 30. Qxa5 Qxa5 31. Rxa5 Nb5 32. Bc5 Nc3 33. Bxc4 Ne4 34. Bd3 g5 35. hxg6 fxg6 36. Bxe4 Bxe4 37. Re1 Bxc2 38. Rc1 g5 39. Ng2 Be4 40. Bd6 Rb7 41. Rxa4 Kf7 42. fxg5 Nxg5 43. Nh4 Nh3+ 44. Kh2 Nf2 45. Ra2 Ng4+ 46. Kh3 h5 47. Rf1+ Kg7 48. Rfa1 Kh6 49. Ng2 Bf5 50. Nh4 Be4 51. Ng2 Bxg2+ 52. Kxg2 Ne3+ 53. Kh2 Nf5 54. Rf1 Rbg7 55. Rxf5 exf5 56. e6 Rb7 57. d5 Kg6 58. Be5 Re8 59. Rd2 Ra7 60. Kh3 Rb7 61. Bb2 Rbb8 62. Bc3 1-0

[Event "World Cup U18 Prel"]
[Site "Tornelo INT"]
[Date "2021.08.18"]
[Round "5"]
[White "Chennaoui, Yasin"]
[Black "Yanez Arcienega, Camilo"]
[Result "1-0"]
[WhiteElo "2122"]
[BlackElo "1784"]
[PlyCount "67"]
[EventDate "2021.08.16"]
[EventType "swiss (rapid)"]
[EventRounds "10"]
[EventCountry "NET"]
[SourceTitle "CBM 203 Extra"]
[Source "ChessBase"]
[SourceDate "2021.09.30"]
[SourceVersion "1"]
[SourceVersionDate "2021.09.30"]
[SourceQuality "1"]

1. c4 Nf6 2. g3 e6 3. Bg2 d5 4. Nf3 Be7 5. 0-0 c5 6. b3 Nc6 7. e3 0-0 8. cxd5 Nxd5 9. Bb2 b6 10. Nc3 Ba6 11. Nxd5 exd5 12. Re1 Bf6 13. d4 Re8 14. Qd2 Nb4 15. Bf1 Bxf1 16. Rxf1 Rc8 17. Rfd1 a5 18. a3 Na6 19. dxc5 bxc5 20. Bxf6 Qxf6 21. Qxd5 Rcd8 22. Qb7 Rb8 23. Qd5 Rbd8 24. Qh5 g6 25. Qg4 Qb2 26. Qc4 Nc7 27. Qxc5 Ne6 28. Qxa5 Qxb3 29. Rxd8 Rxd8 30. Nd4 Qb2 31. Re1 Rc8 32. Nxe6 fxe6 33. Qa6 Re8 34. h4 1-0

[Event "World Cup U18 Prel"]
[Site "Tornelo INT"]
[Date "2021.08.16"]
[Round "1"]
[White "Kanyamarala, Tarun"]
[Black "Yanez Arcienega, Camilo"]
[Result "1-0"]
[WhiteElo "2369"]
[BlackElo "1784"]
[PlyCount "63"]
[EventDate "2021.08.16"]
[EventType "swiss (rapid)"]
[EventRounds "10"]
[EventCountry "NET"]
[SourceTitle "CBM 203 Extra"]
[Source "ChessBase"]
[SourceDate "2021.09.30"]
[SourceVersion "1"]
[SourceVersionDate "2021.09.30"]
[SourceQuality "1"]

1. e4 e6 2. d3 d5 3. Qe2 Be7 4. Nf3 Nf6 5. g3 0-0 6. Bg2 c5 7. 0-0 Nc6 8. e5 Nd7 9. c4 Nb6 10. Rd1 Bd7 11. h4 Rc8 12. b3 a5 13. Bf4 Nd4 14. Nxd4 cxd4 15. Nd2 Bb4 16. Qg4 Kh8 17. Nf3 Bc3 18. Ng5 g6 19. Nf3 f5 20. exf6 e5 21. Bxe5 Kg8 22. Qg5 Rf7 23. Rac1 Bb4 24. Bxd4 Bd6 25. c5 Bb8 26. cxb6 Bc6 27. Bh3 Bd7 28. Rxc8 Qxc8 29. Bxd7 Qxd7 30. Ne5 Bxe5 31. Qxe5 h6 32. Rc1 1-0